El nuevo sistema del Derecho Penal: una introducción a la doctrina de la acción finalista
שמור ב:
| מחבר ראשי: | |
|---|---|
| פורמט: | ספר |
| שפה: | ספרדית |
| יצא לאור: |
Barcelona
Ediciones Ariel S. A
1964
|
| מהדורה: | 1a. ed |
| נושאים: | |
| תגים: |
הוספת תג
אין תגיות, היה/י הראשונ/ה לתייג את הרשומה!
|
MARC
| LEADER | 00000cam a2200000 a 4500 | ||
|---|---|---|---|
| 001 | UCC5293 | ||
| 003 | CL-VaPUC | ||
| 008 | 181005e19640000sp |||||||||||||||||spa|d | ||
| 082 | 0 | 4 | |a 345 |b WEL |2 21 |
| 100 | |a Welzel, Hans |e author |9 395014 | ||
| 245 | 1 | 3 | |a El nuevo sistema del Derecho Penal: una introducción a la doctrina de la acción finalista |
| 250 | |a 1a. ed | ||
| 300 | |a 131 p | ||
| 942 | |c BK | ||
| 945 | |d 20181005 11:02:00 |a dcastane | ||
| 260 | |a Barcelona |b Ediciones Ariel S. A |c 1964 | ||
| 650 | 7 | |a DERECHO PENAL |2 CL-VaPUC |9 11 | |
| 650 | 0 | |a Teoría del derecho |9 255982 | |
| 650 | 0 | |a Filosofía del derecho |9 255050 | |
| 650 | 0 | |a Responsabilidad penal |9 254899 | |
| 650 | 0 | |a Delitos |9 224143 | |
| 583 | |a last modification |c 20181005 11:02:00 |k Rodrigo Vera | ||
| 999 | |c 372546 |d 372544 | ||
| 952 | |0 0 |1 0 |3 erb |4 0 |6 345_000000000000000_WEL_1964 |7 0 |8 A |9 490229 |a BIBDER |b BIBDER |e Mateluna Arestizabal, Alfredo Sergio |i 5489644 |o 345 WEL 1964 |p 5489644 |r 2023-01-25 |w 2019-11-24 |y BK |z Catalogado en:20181005 |k DER | ||